Zaznacz izraelskie marki (naglą śmierć) - Statystyki

Ogólne statystyki
  • Ten quiz został rozwiązany 42 razy
  • Średni wynik to 3 z 8
Answers on the Grid
Answers color-coded by a green-red scale on the quiz's grid according to % correct below.
Aspiryna
Aviomarin
Cinema City
Dbam o Zdrowie
Eden (dystrybutory wody)
MK Cafe
Mokate
MPK w Łodzi
Multikino
My Heritage
Sodastream
Sosnowiec Plaza
Super Pharm
Westfield Arkadia
WikiTree
ZTM w Warszawie
 
Statystyki odpowiedzi
Odpowiedź % Poprawnych
Eden (dystrybutory wody)
57%
Super Pharm
43%
Aviomarin
38%
MK Cafe
38%
My Heritage
38%
Cinema City
33%
Sosnowiec Plaza
19%
ZTM w Warszawie
5%
Nie znaleziono quizów pasujących do podanych kryteriów
Rozkład punktacji
Procent ludzi z każdym wynikiem
Percentyl według liczby udzielonych odpowiedzi
Twoja historia wyników
Nie rozwiązałeś tego quizu